Direito fundamental ao trabalho digno no sčulo XXI principiologia, dimense̳s e interfaces no Estado democrt̀ico de direito /

Bibliographic Details
Main Author: Neves Delgado, Gabriela
Format: eBook
Language:Portuguese
Published: San Pablo: LTR, 2020
Subjects:
Online Access:Acceso restringido

MARC

LEADER 00000nam a22000007a 4500
005 20220307122227.0
007 cr|||| ||||
008 220307s2020 br |||||s|||| 00||0 por d
020 |a 978-65-5883-005-4 
035 |a 36114 
040 |a vLex 
090 |c 13047  |d 13047 
100 1 |a Neves Delgado, Gabriela 
245 1 0 |a Direito fundamental ao trabalho digno no sčulo XXI   |h [Recurso electrn̤ico] :  |b principiologia, dimense̳s e interfaces no Estado democrt̀ico de direito /  |c Gabriela Neves Delgado 
256 |a Servicio en ln̕ea 
260 |a San Pablo:  |b LTR,  |c 2020 
300 |a 1 recurso electrn̤ico 
506 1 |a Disponible solo en los productos indicados  |d vLex Global  |d vLex Global (Academic Edition, excluding Law Schools)  |d vLex Global (U.S. Academic Edition, Law Schools)  |d vLex Global (U.S. Academic Edition, excluding Law Schools)  |d vLex Global (Academic Edition, Law Schools) 
650 0 4 |a Derecho Laboral y Seguridad Social  |z Brasil 
740 0 |a vLex Libros (Servicio en ln̕ea) 
856 4 0 |u https://app.vlex.com/#/sources/36114  |z Acceso restringido 
942 |c BOOK 
999 0 |a Labor law and social security